| 000 | 00529nab a2200145Ia 4500 | ||
|---|---|---|---|
| 003 | ES-SlBCS | ||
| 005 | 20210601133736.0 | ||
| 008 | 140529s2001 xxu||||| |||| 00| 0 por d | ||
| 041 | _apor | ||
| 100 | 1 |
_aPrado, Adonia Antunes _9209050 |
|
| 245 | 0 | 0 |
_aOs conceitos de homem e de educaçao no Brasil no período do Estado Novo (1937-1945) _c Adonia Antunes Prado |
| 650 | 0 | 4 |
_aEducación Brasileña-Sociología de la Educación _9209051 |
| 773 | 0 |
_tEducaçao e Filosofia _gvol. 15, nº. 30, 2001, págs. 9-22 _wRev1534 |
|
| 942 | _cAR | ||
| 999 |
_c601391 _d601391 |
||